<?xml version="1.0" encoding="UTF-8"?>
<record
    xmlns:xsi="http://www.w3.org/2001/XMLSchema-instance"
    xsi:schemaLocation="http://www.loc.gov/MARC21/slim http://www.loc.gov/standards/marcxml/schema/MARC21slim.xsd"
    xmlns="http://www.loc.gov/MARC21/slim">

  <leader>04566nam a2200445Ia 4500</leader>
  <controlfield tag="001">dia_5154</controlfield>
  <controlfield tag="003">CHAP</controlfield>
  <controlfield tag="005">20240902123741.0</controlfield>
  <controlfield tag="007">ta</controlfield>
  <controlfield tag="008">220601s2013    mx bde frm    001 0 spa d</controlfield>
  <datafield tag="040" ind1=" " ind2=" ">
    <subfield code="a">mxchpua</subfield>
    <subfield code="c">CHAP</subfield>
    <subfield code="e">rda</subfield>
  </datafield>
  <datafield tag="041" ind1="0" ind2=" ">
    <subfield code="a">spa</subfield>
    <subfield code="b">eng</subfield>
  </datafield>
  <datafield tag="090" ind1=" " ind2=" ">
    <subfield code="a">Tesis </subfield>
    <subfield code="b">A77 </subfield>
    <subfield code="c">2013</subfield>
  </datafield>
  <datafield tag="100" ind1="1" ind2=" ">
    <subfield code="a">Arreola Lino, Misael</subfield>
  </datafield>
  <datafield tag="240" ind1="1" ind2="0">
    <subfield code="a">Technical feasibility study for the establishment of economic tortilla production plant in the municipality of Jilotepec, state of Mexico.</subfield>
    <subfield code="l">Espa&#xF1;ol</subfield>
  </datafield>
  <datafield tag="245" ind1="1" ind2="0">
    <subfield code="a">Estudio de factibilidad t&#xE9;cnico-econ&#xF3;mica para el establecimiento de una planta productora de tortillas de harina en el municipio de Jilotepec, Estado de M&#xE9;xico / </subfield>
    <subfield code="c">Misael Arreola Lino</subfield>
  </datafield>
  <datafield tag="264" ind1=" " ind2=" ">
    <subfield code="a">Chapingo, M&#xE9;xico :</subfield>
    <subfield code="b">El autor,</subfield>
    <subfield code="c">2013</subfield>
  </datafield>
  <datafield tag="300" ind1=" " ind2=" ">
    <subfield code="a">xix, 156 hojas :</subfield>
    <subfield code="b">mapas, gr&#xE1;ficas, diagramas, tablas, planos +</subfield>
    <subfield code="e">1 CD-ROM</subfield>
  </datafield>
  <datafield tag="336" ind1=" " ind2=" ">
    <subfield code="2">rdacontent</subfield>
    <subfield code="a">texto</subfield>
    <subfield code="b">txt</subfield>
  </datafield>
  <datafield tag="337" ind1=" " ind2=" ">
    <subfield code="2">rdamedia</subfield>
    <subfield code="a">no mediado</subfield>
    <subfield code="b">n</subfield>
  </datafield>
  <datafield tag="338" ind1=" " ind2=" ">
    <subfield code="2">rdacarrier</subfield>
    <subfield code="a">volumen</subfield>
    <subfield code="b">nc</subfield>
  </datafield>
  <datafield tag="500" ind1=" " ind2=" ">
    <subfield code="a">El CD contiene seminario, art&#xED;culo y reporte --
Los planos est&#xE1;n incluidos en el reporte</subfield>
  </datafield>
  <datafield tag="502" ind1=" " ind2=" ">
    <subfield code="a">Tesis </subfield>
    <subfield code="b">(Ingeniero Agroindustrial) -- </subfield>
    <subfield code="c">UACh. Departamento de Ingenier&#xED;a Agroindustrial, </subfield>
    <subfield code="d">2013</subfield>
  </datafield>
  <datafield tag="504" ind1=" " ind2=" ">
    <subfield code="a">Bibliograf&#xED;a: hojas 143-146</subfield>
  </datafield>
  <datafield tag="520" ind1="3" ind2=" ">
    <subfield code="a">El presente trabajo eval&#xFA;o los factores t&#xE9;cnicos, econ&#xF3;micos, sociales y ambientales para determinar la factibilidad de establecer una planta productora de tortilla de harina de trigo en el Municipio de Jilotepec, Estado de M&#xE9;xico, considerando a este municipio por la cercan&#xED;a a la zona metropolitana y zonas productoras de trigo; adem&#xE1;s de contar con v&#xED;as de comunicaci&#xF3;n de f&#xE1;cil acceso, y un mercado regional potencial en constante crecimiento. Para ello, se realiz&#xF3; el estudio de mercado de las tortillas de harina, la disponibilidad de materia prima y la demanda potencial del producto. Se propuso el tipo de organizaci&#xF3;n social para la empresa; se evaluaron los montos de inversi&#xF3;n y financiamiento. La evaluaci&#xF3;n de la rentabilidad del proyecto, proyectada a 10 a&#xF1;os, gener&#xF3; los siguientes indicadores financieros: TREMA 18.47%, TIR 31%, VAN $49, 931,963.76, N/K 2.85 Y B/C 1.23. De acuerdo con estos resultados, la instalaci&#xF3;n de una planta productora de tortilla de harina de trigo en este municipio es t&#xE9;cnico-econ&#xF3;micamente factible. Se determin&#xF3; la tecnolog&#xED;a de producci&#xF3;n de la tortilla de harina y las harinas de variedades de trigo temporalero producidas en el Estado de M&#xE9;xico, estas permiten obtener tortillas de harina de buena calidad, con caracter&#xED;sticas similares, e incluso en algunos casos superiores a la de tortillas comerciales, ya establecidas en el mercado. </subfield>
  </datafield>
  <datafield tag="520" ind1="3" ind2=" ">
    <subfield code="a">In this study, we evaluated the technical, economic, social and environmental factors to determine the feasibility of establishing wheat flour tortilla in the Municipality of Jilotepec, State of Mexico, considering to the municipality by the proximity to the metropolitan area and wheat producing areas, in addition to roads easily accessible, and a market in constant growth potential regional. We conducted a market study of the flour tortillas, availability of raw materials and the potential demand of the product. We proposed the type of social organization for the company; were evaluated investment amounts and financing. The evaluation of the profitability of the project, projected to 10 years, generated the following financial: TREMA 18.47%, TIR 31%, VAN $49, 931,963.76, N/K 2.85 Y B/C 1.23. According to these results, the installation of a tortilla production plant in the municipality is technical and economically feasible. We determined the production technology of wheat flour tortilla and wheat flour temporalero varieties produced in the State of Mexico, flour tortillas can benefit from good quality, with similar characteristics, and in some cases superior to the commercial tortilla in the market. </subfield>
  </datafield>
  <datafield tag="650" ind1="1" ind2="3">
    <subfield code="a">Tortillas</subfield>
    <subfield code="x">Harina de trigo  </subfield>
    <subfield code="2">atg</subfield>
  </datafield>
  <datafield tag="650" ind1="1" ind2="3">
    <subfield code="a">Iniciativa empresarial</subfield>
    <subfield code="z">M&#xE9;xico</subfield>
    <subfield code="z">Estado de M&#xE9;xico  </subfield>
    <subfield code="2">atg</subfield>
  </datafield>
  <datafield tag="650" ind1="1" ind2="3">
    <subfield code="a">Tortillas</subfield>
    <subfield code="x">Wheat flour  </subfield>
    <subfield code="2">atg</subfield>
  </datafield>
  <datafield tag="650" ind1="1" ind2="3">
    <subfield code="a">Entrepreneurship</subfield>
    <subfield code="z">Mexico</subfield>
    <subfield code="z">Estado de Mexico</subfield>
    <subfield code="2">atg</subfield>
  </datafield>
  <datafield tag="700" ind1="1" ind2=" ">
    <subfield code="a">P&#xE9;rez Herrera, Patricia</subfield>
    <subfield code="e">directora</subfield>
  </datafield>
  <datafield tag="700" ind1="1" ind2=" ">
    <subfield code="a">Garc&#xED;a Ch&#xE1;vez, Luis Ramiro</subfield>
    <subfield code="e">asesor</subfield>
  </datafield>
  <datafield tag="700" ind1="1" ind2=" ">
    <subfield code="a">Szymanski Duque, Rosa Guadalupe</subfield>
    <subfield code="e">asesora</subfield>
  </datafield>
  <datafield tag="856" ind1="4" ind2="1">
    <subfield code="u">http://10.13.5.2/tesis/sist109332.pdf</subfield>
    <subfield code="y">DESCARGAR PDF</subfield>
  </datafield>
  <datafield tag="901" ind1=" " ind2=" ">
    <subfield code="a">TESIS A77 2013</subfield>
  </datafield>
  <datafield tag="902" ind1=" " ind2=" ">
    <subfield code="a">M</subfield>
  </datafield>
  <datafield tag="905" ind1=" " ind2=" ">
    <subfield code="a">5232272013                          mx amnl8222123322spa26</subfield>
  </datafield>
  <datafield tag="942" ind1=" " ind2=" ">
    <subfield code="c">TESIS</subfield>
    <subfield code="2">Clasificaci&#xF3;n Universidad Aut&#xF3;noma Chapingo</subfield>
  </datafield>
  <datafield tag="999" ind1=" " ind2=" ">
    <subfield code="c">209583</subfield>
    <subfield code="d">209583</subfield>
  </datafield>
  <datafield tag="952" ind1=" " ind2=" ">
    <subfield code="0">0</subfield>
    <subfield code="1">0</subfield>
    <subfield code="2">local</subfield>
    <subfield code="4">0</subfield>
    <subfield code="5">5</subfield>
    <subfield code="7">0</subfield>
    <subfield code="8">TESIS</subfield>
    <subfield code="a">IA_</subfield>
    <subfield code="b">IA_</subfield>
    <subfield code="d">2022-06-01</subfield>
    <subfield code="e">El autor</subfield>
    <subfield code="l">1</subfield>
    <subfield code="o">Tesis A77 2013</subfield>
    <subfield code="p">1101007147</subfield>
    <subfield code="r">2024-09-11 15:02:12</subfield>
    <subfield code="s">2024-09-11</subfield>
    <subfield code="t">Ej. 3</subfield>
    <subfield code="w">2022-06-01</subfield>
    <subfield code="y">CD</subfield>
  </datafield>
  <datafield tag="952" ind1=" " ind2=" ">
    <subfield code="0">0</subfield>
    <subfield code="1">0</subfield>
    <subfield code="2">local</subfield>
    <subfield code="4">0</subfield>
    <subfield code="5">1</subfield>
    <subfield code="7">0</subfield>
    <subfield code="8">TESIS</subfield>
    <subfield code="a">IA_</subfield>
    <subfield code="b">IA_</subfield>
    <subfield code="d">2022-06-01</subfield>
    <subfield code="e">El autor</subfield>
    <subfield code="l">0</subfield>
    <subfield code="o">Tesis A77 2013</subfield>
    <subfield code="p">1101007145</subfield>
    <subfield code="r">2026-02-02 00:00:00</subfield>
    <subfield code="t">Ej. 1</subfield>
    <subfield code="w">2022-06-01</subfield>
    <subfield code="y">TESIS</subfield>
  </datafield>
  <datafield tag="952" ind1=" " ind2=" ">
    <subfield code="0">0</subfield>
    <subfield code="1">0</subfield>
    <subfield code="2">local</subfield>
    <subfield code="4">0</subfield>
    <subfield code="5">1</subfield>
    <subfield code="7">0</subfield>
    <subfield code="8">TESIS</subfield>
    <subfield code="a">IA_</subfield>
    <subfield code="b">IA_</subfield>
    <subfield code="d">2022-06-01</subfield>
    <subfield code="e">El autor</subfield>
    <subfield code="l">0</subfield>
    <subfield code="o">Tesis A77 2013</subfield>
    <subfield code="p">1101007146</subfield>
    <subfield code="r">2022-06-01 00:00:00</subfield>
    <subfield code="t">Ej. 2</subfield>
    <subfield code="w">2022-06-01</subfield>
    <subfield code="y">CD</subfield>
  </datafield>
  <datafield tag="952" ind1=" " ind2=" ">
    <subfield code="0">0</subfield>
    <subfield code="1">0</subfield>
    <subfield code="2">local</subfield>
    <subfield code="4">0</subfield>
    <subfield code="7">0</subfield>
    <subfield code="8">TesDigL</subfield>
    <subfield code="a">IA_</subfield>
    <subfield code="b">IA_</subfield>
    <subfield code="c">E_L</subfield>
    <subfield code="d">2024-09-02</subfield>
    <subfield code="e">El autor</subfield>
    <subfield code="l">0</subfield>
    <subfield code="p">1201007145</subfield>
    <subfield code="r">2024-09-02 13:39:49</subfield>
    <subfield code="w">2024-09-02</subfield>
    <subfield code="y">TD</subfield>
  </datafield>
</record>
